|
|
|
|
| LEADER |
00000nab a2200000 a 4500 |
| 001 |
vtls009331321 |
| 003 |
SK-MaSNL |
| 005 |
20260304153319.0 |
| 008 |
250506c2008 xo zr|p|||||||000 b|slo |
| 015 |
|
|
|a SNBRB2008/09
|2 snkbucl
|
| 035 |
|
|
|a (uuid)c6eb5b2d-1d5c-4616-9650-be706298786a
|
| 035 |
|
|
|a urn:nbn:sk:snk-ab1xac
|
| 035 |
|
|
|a (urnnbn)urn:nbn:sk:snk:ar-a0164k
|
| 038 |
|
|
|a SNKBUCL
|
| 040 |
|
|
|a SNKBUCL
|b slo
|c SNKBUCL
|e AACR2
|
| 041 |
0 |
|
|a slo
|
| 044 |
|
|
|a xo
|c SK
|
| 080 |
|
|
|a 78.071.1/.2:785.161
|2 2001
|
| 080 |
|
|
|a 785.161
|2 2001
|
| 100 |
1 |
|
|a Hottmar, Michal,
|d 1974-
|4 aut
|9 87223
|
| 245 |
1 |
0 |
|a Tord Gustavsen Trio: Being There
|c Michal Hottmar
|
| 300 |
|
|
|b Obr.
|
| 600 |
1 |
7 |
|a Tord Gustavsen Trio (Nórsko)
|2 snkbucl
|9 1476508
|
| 630 |
0 |
7 |
|a Being There (CD nahrávka)
|2 snkbucl
|9 1476509
|
| 650 |
0 |
7 |
|a nahrávky CD
|2 snkbucl
|9 19639
|
| 655 |
|
7 |
|a hudobné albumy
|2 snkbucl
|9 504529
|
| 655 |
|
7 |
|a recenzie
|2 snkbucl
|9 21907
|
| 773 |
0 |
|
|t Hudobný život
|g Roč. XL, č. 7 (2008), s. 37
|x 1335-4140
|
| 850 |
|
|
|a Slovenská národná knižnica
|
| 852 |
|
|
|a Slovenská národná knižnica
|
| 954 |
|
|
|a odborná, vedecká literatúra pôvodná (slovenská)
|2 lita
|
| 958 |
|
|
|a article27
|
| 958 |
|
|
|a OND
|
| 958 |
|
|
|a RC
|
| 958 |
|
|
|a EUIPO
|
| 999 |
|
|
|c 2953219
|d 2955149
|